Основные требования к системе регистрации излучения для импульсного спектрозонального люминесцентного метода; 9 Международная конференция "Физико-химические процессы в неорганических материалах" и Школа молодых ученых, проводившаяся в рамках конференции (ФХП-9) (Кемерово, 22-25 сентября 2004 г.); Т. 2

Dades bibliogràfiques
Parent link:9 Международная конференция "Физико-химические процессы в неорганических материалах" и Школа молодых ученых, проводившаяся в рамках конференции (ФХП-9) (Кемерово, 22-25 сентября 2004 г.): доклады.— , 2004
Т. 2.— 2004.— С. 65-67
Autor corporatiu: Томский политехнический университет
Altres autors: Лисицын В. М. Виктор Михайлович, Лисицына Л. А., Полисадова Е. Ф. Елена Фёдоровна, Яковлев А. Н. Алексей Николаевич
Sumari:Показано, что использование для возбуждения импульсов сильноточных электронных пучков наносекундной длительности (СЭП) представляется весьма перспективным направлением развития люминесцентных методов анализа. Дополнительные аналитические возможности люминесцентного спектрального анализа обеспечиваются при использовании для возбуждения СЭП по следующим причинам: возбуждение осуществляется ионизирующей, достаточно глубоко проникающей радиацией; импульс радиации имеет высокую мощность, до 10{8} Вт, но энергию не более 1 Дж; импульс радиации имеет наносекундную длительность
В фонде НТБ ТПУ отсутствует
Idioma:rus
Publicat: 2004
Matèries:
Format: MixedMaterials Capítol de llibre
KOHA link:https://koha.lib.tpu.ru/cgi-bin/koha/opac-detail.pl?biblionumber=596496

MARC

LEADER 00000naa0a2200000 4500
001 596496
005 20250624165532.0
035 |a (RuTPU)RU\TPU\tpu\19400 
035 |a RU\TPU\tpu\19387 
090 |a 596496 
100 |a 20110602d2004 k y0rusy50 ca 
101 0 |a rus 
102 |a RU 
200 1 |a Основные требования к системе регистрации излучения для импульсного спектрозонального люминесцентного метода  |f В. М. Лисицын [и др.] 
330 |a Показано, что использование для возбуждения импульсов сильноточных электронных пучков наносекундной длительности (СЭП) представляется весьма перспективным направлением развития люминесцентных методов анализа. Дополнительные аналитические возможности люминесцентного спектрального анализа обеспечиваются при использовании для возбуждения СЭП по следующим причинам: возбуждение осуществляется ионизирующей, достаточно глубоко проникающей радиацией; импульс радиации имеет высокую мощность, до 10{8} Вт, но энергию не более 1 Дж; импульс радиации имеет наносекундную длительность 
333 |a В фонде НТБ ТПУ отсутствует 
461 |t 9 Международная конференция "Физико-химические процессы в неорганических материалах" и Школа молодых ученых, проводившаяся в рамках конференции (ФХП-9) (Кемерово, 22-25 сентября 2004 г.)  |o доклады  |o посвящается 50-летию Кемеровского государственного университета  |d 2004 
463 |t Т. 2  |v С. 65-67  |d 2004 
610 1 |a труды учёных ТПУ 
701 1 |a Лисицын  |b В. М.  |c физик  |c профессор Томского политехнического университета, кандидат физико-математических наук  |f 1939-  |g Виктор Михайлович  |3 (RuTPU)RU\TPU\pers\10510  |9 2237 
701 1 |a Лисицына  |b Л. А. 
701 1 |a Полисадова  |b Е. Ф.  |c специалист в области светотехники  |c профессор Томского политехнического университета, доктор физико-математических наук  |f 1972-  |g Елена Фёдоровна  |3 (RuTPU)RU\TPU\pers\26065  |9 11903 
701 1 |a Яковлев  |b А. Н.  |c специалист в области светотехники  |c проректор-директор Томского политехнического университета, кандидат физико-математических наук  |f 1971-  |g Алексей Николаевич  |9 14364 
712 0 2 |a Томский политехнический университет  |c (1991-2009)  |9 23382 
801 1 |a RU  |b 63413507  |c 20100416 
801 2 |a RU  |b 63413507  |c 20111209  |g RCR 
850 |a 63413507 
942 |c BK